00871nam a2200145Ia 4500008004100000020001800041100008700059245021400146260002700360650017700387650001200564856004100576999001900617952008900636171212s9999 xx 000 0 und d a9780833052629 aMoroney, Jennifer D. P.;Gventer, Celeste Ward;Pezard, Stephanie;Smallman, Laurence cMoroney, Jennifer D. P.;Gventer, Celeste Ward;Pezard, Stephanie;Smallman, LaurenceaLessons from U.S. Allies in Security Cooperation with Third CountriesbThe Cases of Australia, France, and the United Kingdom bRAND Corporationc2011 aAustralia -- Military relations; France -- Military relations; United Kingdon -- Military relations; United States -- Military relations; Military relations -- Case studies aHistory uwww.jstor.org/stable/10.7249/tr972af c352268d352268 001040aCLbCLd2017-12-12l0oUA870.L47 2011r2017-12-12 00:00:00w2017-12-12yCBE